000 00577nam a22001937a 4500
005 20251108174858.0
008 250721s1997 xx 000 0 ara d
082 1 4 _aط/597.6/يام
100 1 _aياماس، أندريو
_eمؤلف
245 1 0 _aالبرمائيات /
264 1 _aبيروت :
_bأكاديميا،
_c1997.
300 _a31ص.
490 0 _aكيف تحيا
650 1 7 _aالبرمائيات
653 _aاطفال مرحلة متوسطة (6-9) سنوات
700 1 _aنصور، ألفيرا
_eمترجم
942 _2ddc
_cBK
999 _c120445
_d120445